000 00488nam a2200169 a 4500
001 000025811
005 20200930024052.0
008 110217s1978 ag r 000 | spa d
020 _a0311322026
040 _aDO-SdBNP
_bspa
_cBNPHU
082 _axxx
_bH658a
245 1 0 _aHimnario de alabanza evangélica /
_cedición Eduardo Nelson G.
260 _aBuenos Aires :
_bMundo Hispano,
_c1978.
300 _avii, 447 p. ;
_c16 cm.
700 1 _aNelson G., Eduardo
_eed.
_94662
049 _aBNGR
999 _c25303
_d25303